[Event "12th EUR-ch"]
[Site "Aix-les-Bains FRA"]
[Date "2011.03.23"]
[Round "2.103"]
[White "Khalifman, Alexander"]
[Black "Codenotti, Marco"]
[Result "1/2-1/2"]
[WhiteElo "2637"]
[BlackElo "2262"]
[EventDate "2011.03.22"]
[PlyCount "29"]

1.Nf3 g6 2.c4 Bg7 3.e4 e5 4.d4 exd4 5.Nxd4 Nf6 6.Nc3 O-O 7.Be2 Re8 8.f3 c6
9.Bg5 Qb6 10.Nb3 d5 11.cxd5 cxd5 12.exd5 Na6 13.Bh4 Qb4 14.Bf2 Nc7 15.O-O 
1/2-1/2

[Event "12th EUR-ch"]
[Site "Aix-les-Bains FRA"]
[Date "2011.03.23"]
[Round "2.104"]
[White "Sumets, Andrey"]
[Black "Stockmann, Michael"]
[Result "0-1"]
[WhiteElo "2610"]
[BlackElo "2255"]
[EventDate "2011.03.22"]
[PlyCount "104"]

1.d4 d5 2.c4 e6 3.Nf3 Nf6 4.Nc3 Be7 5.Bf4 O-O 6.e3 c5 7.dxc5 Bxc5 8.a3 Be7
9.Qc2 Nc6 10.Rd1 Qa5 11.Be2 dxc4 12.Bxc4 e5 13.Bg3 Bg4 14.O-O Rac8 15.Rc1 
Nh5 16.Nd5 Nxg3 17.fxg3 Kh8 18.Nxe7 Nxe7 19.Ng5 f5 20.Qb3 h6 21.Ne6 Rfe8 
22.Qxb7 Qd2 23.b3 f4 24.Rce1 Rxc4 25.bxc4 Bxe6 26.Qe4 Bf5 27.Qf3 Bd3 28.
Rd1 Qc2 29.Rc1 Qb2 30.Rfe1 fxe3 31.Qxe3 e4 32.Qxa7 Nf5 33.Qf7 Ne3 34.Qf2 
Qxf2+ 35.Kxf2 Nxc4 36.Rc3 Rf8+ 37.Kg1 Ra8 38.Rec1 Ra4 39.g4 Kh7 40.h4 Kg6 
41.Kf2 Kf6 42.Re1 Rxa3 43.Rxc4 Ra2+ 44.Kg3 Bxc4 45.Rxe4 Bd5 46.g5+ hxg5 
47.hxg5+ Kg6 48.Re5 Rxg2+ 49.Kh3 Rd2 50.Kg4 Rd4+ 51.Kg3 Bf7 52.Rc5 Rd5 0-1

[Event "12th EUR-ch"]
[Site "Aix-les-Bains FRA"]
[Date "2011.03.23"]
[Round "2.105"]
[White "Papaioannou, Ioannis"]
[Black "Svane, Rasmus"]
[Result "1-0"]
[WhiteElo "2605"]
[BlackElo "2216"]
[EventDate "2011.03.22"]
[PlyCount "45"]

1.d4 d5 2.Nf3 Nf6 3.c4 c6 4.Qb3 e6 5.Bg5 h6 6.Bxf6 Qxf6 7.Nc3 Qd8 8.e3 Be7
9.Bd3 O-O 10.O-O Nd7 11.Rac1 Nf6 12.Rfd1 b6 13.Ne5 Bb7 14.c5 b5 15.a4 a6 
16.Bb1 Qc7 17.Qc2 Rfe8 18.b4 Rad8 19.f3 Kf8 20.Ne2 Qb8 21.Nf4 Kg8 22.a5 
Qc7 23.Nxf7 1-0

[Event "12th EUR-ch"]
[Site "Aix-les-Bains FRA"]
[Date "2011.03.23"]
[Round "2.106"]
[White "Buhmann, Rainer"]
[Black "Lappas, Konstantinos"]
[Result "1-0"]
[WhiteElo "2590"]
[BlackElo "1950"]
[EventDate "2011.03.22"]
[PlyCount "145"]

1.Nf3 Nf6 2.c4 g6 3.Nc3 Bg7 4.e4 d6 5.d4 O-O 6.Be2 e5 7.O-O Nc6 8.d5 Ne7 
9.b4 Nh5 10.Re1 f5 11.Ng5 Nf6 12.Bf3 c6 13.Be3 h6 14.Ne6 Bxe6 15.dxe6 fxe4
16.Nxe4 Nxe4 17.Bxe4 d5 18.cxd5 cxd5 19.Bc5 dxe4 20.Qxd8 Rfxd8 21.Bxe7 Re8
22.Bc5 b6 23.Be3 Rxe6 24.a4 Rc8 25.b5 Rc2 26.Rec1 Rxc1+ 27.Rxc1 Kf7 28.Kf1
Bf8 29.Ke2 g5 30.Rc4 Re7 31.Rxe4 Ke6 32.h4 Kd5 33.f3 Rg7 34.hxg5 hxg5 35.
Rg4 Be7 36.Kd3 Rg8 37.Rg3 Rg7 38.Bd2 Bf6 39.Rg4 Be7 40.Be3 Rg8 41.Rg3 Rg7 
42.Rh3 Bf6 43.Rh6 Be7 44.Rh5 Bd8 45.Rh8 Be7 46.Ra8 Bf6 47.Rf8 Be7 48.Ra8 
Bf6 49.g4 Rc7 50.Rg8 Rc4 51.Rf8 Be7 52.Rf7 e4+ 53.fxe4+ Rxe4 54.Rg7 Re5 
55.Rg8 Ba3 56.Rxg5 Rxg5 57.Bxg5 Bb2 58.Bd2 Kc5 59.g5 Bg7 60.g6 Bf8 61.Bg5 
Bg7 62.Be7+ Kd5 63.Bb4 Ke6 64.Ke4 Bb2 65.Bf8 Kf6 66.g7 Kf7 67.Kd5 Bc3 68.
Kc6 Ba5 69.Kb7 Kg8 70.Kxa7 Kf7 71.Kb7 Kg8 72.Kc6 Kf7 73.Bd6 1-0

[Event "12th EUR-ch"]
[Site "Aix-les-Bains FRA"]
[Date "2011.03.23"]
[Round "2.107"]
[White "Muzychuk, Anna"]
[Black "Yakovich, Yuri"]
[Result "1/2-1/2"]
[WhiteElo "2528"]
[BlackElo "2546"]
[EventDate "2011.03.22"]
[PlyCount "76"]

1.e4 c5 2.Nf3 Nc6 3.Bb5 g6 4.O-O Bg7 5.Re1 e5 6.Bxc6 dxc6 7.d3 Nh6 8.Nbd2 
f6 9.a4 Be6 10.a5 O-O 11.b3 Nf7 12.Nc4 Qc7 13.Bb2 Nd8 14.Ne3 Bf7 15.Qd2 
Ne6 16.Nh4 Nd4 17.h3 Rad8 18.Nc4 Be6 19.Qd1 Rd7 20.Nf3 Rfd8 21.Bc1 b5 22.
axb6 axb6 23.Bd2 Rb8 24.Nxd4 cxd4 25.b4 Rdd8 26.Qe2 Ra8 27.Reb1 Ra7 28.Qf1
Rda8 29.c3 dxc3 30.Bxc3 Bf8 31.Bd2 Rxa1 32.Rxa1 Rxa1 33.Qxa1 b5 34.Ne3 Bd6
35.Bc3 c5 36.Nc2 Kf7 37.Kf1 Be7 38.bxc5 Qxc5 1/2-1/2

[Event "12th EUR-ch"]
[Site "Aix-les-Bains FRA"]
[Date "2011.03.23"]
[Round "2.108"]
[White "Webb, Matthew"]
[Black "Denisov, Ivan"]
[Result "0-1"]
[WhiteElo "2062"]
[BlackElo "2300"]
[EventDate "2011.03.22"]
[PlyCount "56"]

1.e4 c5 2.Nf3 e6 3.d3 Nc6 4.g3 g6 5.Bg2 Bg7 6.O-O Nge7 7.Re1 d6 8.c3 e5 9.
a3 O-O 10.b4 a6 11.Nbd2 h6 12.Nb3 b6 13.d4 exd4 14.cxd4 cxb4 15.axb4 Nxb4 
16.Ba3 Nbc6 17.e5 d5 18.h4 a5 19.h5 g5 20.Qd2 Re8 21.Rac1 a4 22.Na1 Na5 
23.Bd6 Ra7 24.Qb4 Nc4 25.Rxc4 dxc4 26.Nd2 Be6 27.Nxc4 Bxc4 28.Qxc4 Nf5 0-1

[Event "12th EUR-ch"]
[Site "Aix-les-Bains FRA"]
[Date "2011.03.23"]
[Round "2.109"]
[White "Izzat, Kanan Azar oglu"]
[Black "Jakovenko, Dmitry"]
[Result "0-1"]
[WhiteElo "2181"]
[BlackElo "2718"]
[EventDate "2011.03.22"]
[PlyCount "94"]

1.d4 Nf6 2.c4 e6 3.Nc3 Bb4 4.f3 d5 5.a3 Bxc3+ 6.bxc3 O-O 7.Bg5 c5 8.e3 
Nbd7 9.cxd5 Qa5 10.Qd2 Nxd5 11.e4 N5b6 12.Bd3 Na4 13.Ne2 b6 14.O-O Ba6 15.
Bxa6 Qxa6 16.e5 Qa5 17.Qe3 Rac8 18.f4 cxd4 19.cxd4 Nc3 20.f5 exf5 21.Ng3 
Rce8 22.Nxf5 Re6 23.Rac1 Nd5 24.Qh3 b5 25.Nd6 Qb6 26.Kh1 Rxd6 27.exd6 Qxd6
28.Qd3 a6 29.Qg3 Qxg3 30.hxg3 h6 31.Bf4 N7f6 32.Rc6 Ra8 33.Rfc1 Kh7 34.Be5
Ne4 35.Rc8 Ra7 36.Bb8 Rd7 37.R8c6 a5 38.Ra6 Rb7 39.Bf4 b4 40.Rxa5 Nxf4 41.
gxf4 b3 42.Re5 b2 43.Rb1 Nc3 44.Ree1 Kg6 45.d5 Nxb1 46.Rxb1 Kf5 47.g3 Rb8 
0-1

[Event "12th EUR-ch"]
[Site "Aix-les-Bains FRA"]
[Date "2011.03.23"]
[Round "2.110"]
[White "Debray, Tristan"]
[Black "Sjugirov, Sanan"]
[Result "0-1"]
[WhiteElo "2175"]
[BlackElo "2643"]
[EventDate "2011.03.22"]
[PlyCount "114"]

1.e4 c5 2.Nc3 d6 3.g3 g6 4.Bg2 Bg7 5.d3 Nc6 6.Be3 e6 7.Qd2 Rb8 8.f4 Nge7 
9.Nge2 Nd4 10.Nc1 b5 11.Nd1 b4 12.a3 a5 13.axb4 axb4 14.c3 bxc3 15.bxc3 
Nb3 16.Nxb3 Rxb3 17.O-O O-O 18.g4 f5 19.gxf5 exf5 20.e5 Kh8 21.d4 cxd4 22.
Qxd4 dxe5 23.Qxd8 Rxd8 24.fxe5 Rb5 25.Ra8 Rxe5 26.Bb7 Rg8 27.Bxc8 Rxc8 28.
Rxc8+ Nxc8 29.Bd4 Re2 30.Rf2 Re1+ 31.Rf1 Bxd4+ 32.cxd4 Re4 33.d5 Nb6 34.
Nf2 Rd4 35.Rb1 Nxd5 36.Rb7 Nf4 37.Kf1 Kg8 38.Ra7 Rb4 39.Ke1 Rb2 40.Rc7 
Rb1+ 41.Nd1 Nd5 42.Rc8+ Kg7 43.Kd2 Ra1 44.Nf2 Ra2+ 45.Ke1 Nf4 46.Rc3 Kf6 
47.Nh3 Nxh3 48.Rxh3 h5 49.Kf1 f4 50.Kg1 Kf5 51.Rb3 Kg4 52.Rb4 g5 53.Kh1 
Kh3 54.Rb3+ Kh4 55.Rb4 g4 56.Rxf4 Kh3 57.Rb4 Ra1+ 0-1

[Event "12th EUR-ch"]
[Site "Aix-les-Bains FRA"]
[Date "2011.03.23"]
[Round "2.111"]
[White "Kovacevic, Aleksandar"]
[Black "Van Hoolandt, Patrick"]
[Result "1-0"]
[WhiteElo "2598"]
[BlackElo "2165"]
[EventDate "2011.03.22"]
[PlyCount "93"]

1.e4 e5 2.Nf3 Nc6 3.Bb5 Nf6 4.d3 Bc5 5.Bxc6 dxc6 6.O-O Bg4 7.h3 Bxf3 8.
Qxf3 Nd7 9.Be3 O-O 10.Nd2 Qe7 11.Nc4 Rad8 12.Qg3 f6 13.f4 exf4 14.Qxf4 Ne5
15.Qf2 Bb6 16.Bxb6 axb6 17.Ne3 Qb4 18.Rab1 Qd4 19.Kh1 c5 20.Qg3 c6 21.Nf5 
Qd7 22.Rf4 Kh8 23.Rbf1 g6 24.Ne3 Qe6 25.b3 b5 26.Qf2 Kg7 27.Nd1 Qd6 28.Nc3
Ra8 29.a4 b4 30.Nd1 b6 31.Ne3 Ra7 32.Qg3 Kh8 33.R4f2 Raf7 34.Ng4 Kg7 35.
Qf4 g5 36.Qg3 Qe6 37.Ne3 Kh8 38.Rf5 Ng6 39.Nc4 Nh4 40.R5f2 Rb7 41.Qd6 Qxd6
42.Nxd6 Re7 43.Rxf6 Rxf6 44.Rxf6 Kg7 45.Rf1 Re6 46.Nf5+ Nxf5 47.Rxf5 1-0

[Event "12th EUR-ch"]
[Site "Aix-les-Bains FRA"]
[Date "2011.03.23"]
[Round "2.112"]
[White "Shengelia, David"]
[Black "Klek, Hanna-Marie"]
[Result "1-0"]
[WhiteElo "2573"]
[BlackElo "2149"]
[EventDate "2011.03.22"]
[PlyCount "83"]

1.d4 d5 2.Nf3 e6 3.c4 Nf6 4.Nc3 Be7 5.Bg5 h6 6.Bh4 O-O 7.e3 b6 8.Bd3 Bb7 
9.O-O dxc4 10.Bxc4 a6 11.Qe2 b5 12.Bd3 Nbd7 13.Rfd1 Nh5 14.Bxe7 Qxe7 15.
Be4 Bxe4 16.Nxe4 Nhf6 17.Nxf6+ Qxf6 18.Rac1 Rfc8 19.Rc6 Nb8 20.Rc3 c6 21.
Rdc1 Ra7 22.Ne5 Rac7 23.f4 Qd8 24.Qc2 Qd6 25.h4 Qd5 26.b3 Qd6 27.h5 Kh8 
28.Qe4 Qd5 29.Qxd5 exd5 30.g4 f6 31.Nd3 Re7 32.Kf2 a5 33.f5 Rce8 34.Nc5 
Kg8 35.Ne6 Rb7 36.Rc5 Ra7 37.a4 b4 38.Kf3 Kf7 39.Kf4 Ree7 40.Nd8+ Ke8 41.
Nxc6 Nxc6 42.Rxc6 1-0

[Event "12th EUR-ch"]
[Site "Aix-les-Bains FRA"]
[Date "2011.03.23"]
[Round "2.113"]
[White "Vocaturo, Daniele"]
[Black "Salus, Stephane"]
[Result "1-0"]
[WhiteElo "2564"]
[BlackElo "2145"]
[EventDate "2011.03.22"]
[PlyCount "167"]

1.e4 e6 2.d4 d5 3.Nc3 Bb4 4.e5 c5 5.a3 Bxc3+ 6.bxc3 Qa5 7.Bd2 Qa4 8.h4 Nc6
9.Nf3 b6 10.h5 cxd4 11.cxd4 Nxd4 12.Bd3 Nxf3+ 13.Qxf3 Ba6 14.O-O Ne7 15.h6
Bxd3 16.cxd3 gxh6 17.Qf6 Rg8 18.Bb4 Nf5 19.Kh2 h5 20.Rfc1 Qd7 21.a4 Rc8 
22.Rxc8+ Qxc8 23.a5 b5 24.a6 Rg7 25.Ba5 Kd7 26.Rc1 Qb8 27.g3 b4 28.d4 b3 
29.Rc5 b2 30.Rb5 Qg8 31.Rxd5+ exd5 32.Qxf5+ Kc6 33.Qc2+ Kb5 34.Bc7 Qc8 35.
Qxb2+ Kxa6 36.Bd6 h4 37.Qa2+ Kb6 38.Bc5+ Kc6 39.Qa4+ Kc7 40.Qxa7+ Qb7 41.
Bd6+ Kc8 42.Qc5+ Kd8 43.gxh4 Ke8 44.Qc2 Qd7 45.Qb1 Rg8 46.Bc5 f5 47.exf6 
Qg4 48.Qe1+ Kd8 49.Qa5+ Kd7 50.Qb5+ Ke6 51.Qc6+ Kf7 52.Qxd5+ Kxf6 53.Qe5+ 
Kg6 54.Be7 h6 55.Qg3 Kf7 56.Bd6 Qxg3+ 57.Bxg3 Ke6 58.Be5 Kf5 59.f4 h5 60.
d5 Rg4 61.Kh3 Rg8 62.Bc7 Rg7 63.Be5 Rg1 64.Bc7 Rg7 65.Be5 Ra7 66.Kg3 Ra3+ 
67.Kg2 Rd3 68.d6 Ke4 69.Kf2 Ra3 70.Ke2 Ra2+ 71.Kd1 Ra7 72.Kd2 Kd5 73.Kc3 
Kc6 74.Kd4 Kd7 75.Ke4 Ke6 76.f5+ Kd7 77.Kf4 Ra5 78.Bc3 Ra3 79.Bg7 Ra4+ 80.
Ke5 Rxh4 81.f6 Rh1 82.f7 Re1+ 83.Kd4 Rd1+ 84.Ke3 1-0

[Event "12th EUR-ch"]
[Site "Aix-les-Bains FRA"]
[Date "2011.03.23"]
[Round "2.114"]
[White "Cherednichenko, Elena"]
[Black "Sermier, Guillaume"]
[Result "1/2-1/2"]
[WhiteElo "2141"]
[BlackElo "2428"]
[EventDate "2011.03.22"]
[PlyCount "74"]

1.d4 d5 2.Nf3 Bf5 3.c4 e6 4.Nc3 c6 5.Qb3 Qb6 6.c5 Qc7 7.Bf4 Qc8 8.e3 Be7 
9.Be2 Nd7 10.Qd1 Ngf6 11.h3 Ne4 12.Nxe4 Bxe4 13.b4 O-O 14.Bd3 Bxd3 15.Qxd3
a5 16.bxa5 Rxa5 17.O-O b6 18.Qc3 Ra4 19.cxb6 Nxb6 20.Rfb1 Nc4 21.Rb8 Qa6 
22.Rab1 Ra3 23.R1b3 Qa7 24.Rxf8+ Bxf8 25.Ne5 Nxe5 26.Bxe5 Rxb3 27.Qxb3 f6 
28.Bg3 c5 29.dxc5 Qxc5 30.Bb8 Qa5 31.Qc2 Bc5 32.Kh2 Qb6 33.Bg3 Qb4 34.Qd3 
Qc4 35.Qb1 Qb4 36.Qd3 Qc4 37.Qb1 Qb4 1/2-1/2

[Event "12th EUR-ch"]
[Site "Aix-les-Bains FRA"]
[Date "2011.03.23"]
[Round "2.115"]
[White "Lampert, Jonas"]
[Black "Erdogdu, Mert"]
[Result "0-1"]
[WhiteElo "2130"]
[BlackElo "2423"]
[EventDate "2011.03.22"]
[PlyCount "104"]

1.e4 c5 2.Nf3 d6 3.d4 cxd4 4.Nxd4 Nf6 5.Nc3 a6 6.Bg5 e6 7.f4 Qb6 8.Qd2 Nc6
9.Bxf6 gxf6 10.Nb3 Bd7 11.O-O-O O-O-O 12.Be2 Rg8 13.Bh5 Rg7 14.Rhf1 Na5 
15.Nxa5 Qxa5 16.f5 Qe5 17.g3 Kb8 18.Qf2 Rc8 19.Qd4 Qxd4 20.Rxd4 Be7 21.Kb1
Rc5 22.Rd2 Re5 23.g4 Bc6 24.Re2 Bd8 25.a3 Kc7 26.h4 h6 27.Rf4 Kd7 28.Rf1 
a5 29.Rfe1 a4 30.Nd1 Bb6 31.Kc1 Ke7 32.Kb1 Rg8 33.Nc3 Rc8 34.g5 hxg5 35.
hxg5 fxg5 36.f6+ Kd7 37.Nd5 exd5 38.Bg4+ Kc7 39.exd5 Bd7 40.Rxe5 dxe5 41.
d6+ Kxd6 42.Rd1+ Bd4 43.Bxd7 Kxd7 44.c3 Rc4 45.cxd4 Rxd4 46.Rg1 g4 47.b3 
axb3 48.Kb2 Ke6 49.Rf1 Rd3 50.a4 g3 51.a5 g2 52.Rg1 Rg3 0-1

[Event "12th EUR-ch"]
[Site "Aix-les-Bains FRA"]
[Date "2011.03.23"]
[Round "2.116"]
[White "Heinis, Vincent"]
[Black "Houska, Jovanka"]
[Result "0-1"]
[WhiteElo "2122"]
[BlackElo "2419"]
[EventDate "2011.03.22"]
[PlyCount "64"]

1.Nf3 d5 2.g3 Bg4 3.Bg2 Nd7 4.c4 e6 5.cxd5 exd5 6.O-O Ngf6 7.d3 Be7 8.e4 
O-O 9.Qc2 Bc5 10.Nc3 c6 11.Bf4 Re8 12.Rae1 dxe4 13.dxe4 Bxf3 14.Bxf3 Ne5 
15.Bg2 Qd3 16.Re2 Nf3+ 17.Kh1 Qxc2 18.Rxc2 Nd4 19.Rd2 Ne6 20.Bd6 Rad8 21.
Rfd1 Rxd6 22.Rxd6 Ng4 23.Na4 Nxf2+ 24.Kg1 Nxd1+ 25.Nxc5 Nxc5 26.Rxd1 a5 
27.Rd4 Kf8 28.Kf1 Ke7 29.Rc4 Kd6 30.Rd4+ Kc7 31.Rc4 Re5 32.Kf2 Nd3+ 0-1

[Event "12th EUR-ch"]
[Site "Aix-les-Bains FRA"]
[Date "2011.03.23"]
[Round "2.117"]
[White "Astengo, Corrado"]
[Black "Zuger, Beat"]
[Result "0-1"]
[WhiteElo "2119"]
[BlackElo "2417"]
[EventDate "2011.03.22"]
[PlyCount "86"]

1.e4 c5 2.Nf3 e6 3.d4 cxd4 4.Nxd4 a6 5.Nc3 b5 6.Bd3 Bb7 7.O-O Nc6 8.Be3 
Nf6 9.h3 Qc7 10.Qe2 Be7 11.f4 d6 12.f5 Nxd4 13.Bxd4 b4 14.Na4 e5 15.Bf2 
Nd7 16.b3 O-O 17.Nb2 d5 18.exd5 Bxd5 19.Be4 Nf6 20.Bxd5 Nxd5 21.Nc4 Rfe8 
22.Qf3 Nc3 23.a3 e4 24.Qg4 Bf6 25.axb4 Nd5 26.Rae1 h5 27.Qxh5 Nxb4 28.Qg4 
Qc6 29.Re2 Na2 30.Rfe1 Nc3 31.Rd2 Nb5 32.Red1 Bc3 33.Rd7 Qf6 34.Nb6 e3 35.
Bxe3 Rxe3 36.Nxa8 Re8 37.Nc7 Nxc7 38.Rxc7 Qb6+ 39.Kh1 Qxc7 40.Qa4 Qc8 41.
h4 Bf6 42.Rd2 Re1+ 43.Kh2 Qxf5 0-1

[Event "12th EUR-ch"]
[Site "Aix-les-Bains FRA"]
[Date "2011.03.23"]
[Round "2.118"]
[White "Roeder, Matthias"]
[Black "Welz, Peter"]
[Result "1/2-1/2"]
[WhiteElo "2414"]
[BlackElo "2138"]
[EventDate "2011.03.22"]
[PlyCount "79"]

1.Nf3 f5 2.c4 Nf6 3.g3 g6 4.Bg2 Bg7 5.O-O O-O 6.Nc3 d6 7.d4 Nc6 8.d5 Ne5 
9.Qb3 h6 10.Nd4 a6 11.f4 Ned7 12.e3 Nc5 13.Qc2 e5 14.dxe6 c6 15.Rd1 Qe7 
16.Rb1 Nxe6 17.Nde2 Nc5 18.b4 Nce4 19.Nxe4 Nxe4 20.Bb2 Nf6 21.Rd3 Be6 22.
Nd4 Bf7 23.Nb3 Rfe8 24.Na5 Rad8 25.Bd4 Rd7 26.a4 Ng4 27.Bxg7 Kxg7 28.h3 
Nf6 29.Kh2 h5 30.Bf3 Ne4 31.Rbd1 g5 32.Qb2+ Kh7 33.Rd4 h4 34.g4 Ng3 35.c5 
Qxe3 36.Kg2 Ne2 37.Bxe2 Qxe2+ 38.Qxe2 Rxe2+ 39.Kf1 Rh2 40.fxg5 1/2-1/2

[Event "12th EUR-ch"]
[Site "Aix-les-Bains FRA"]
[Date "2011.03.23"]
[Round "2.119"]
[White "Caroff, Frederic"]
[Black "Battaglini, Gabriel"]
[Result "1-0"]
[WhiteElo "2117"]
[BlackElo "2413"]
[EventDate "2011.03.22"]
[PlyCount "71"]

1.b4 e5 2.Bb2 Bxb4 3.Bxe5 Nf6 4.c4 O-O 5.e3 Nc6 6.Bb2 d5 7.cxd5 Nxd5 8.Nf3
Bf5 9.Be2 Nb6 10.O-O Bd3 11.Bxd3 Qxd3 12.Ne1 Qg6 13.d4 Rfe8 14.Bc3 Bd6 15.
Qd3 Qh5 16.Nf3 Re6 17.Nbd2 Nd5 18.Rfc1 Rae8 19.a4 g5 20.Qf5 Nxc3 21.Rxc3 
h6 22.h3 Ne7 23.Qb5 c6 24.Qxb7 g4 25.hxg4 Qxg4 26.Ne5 Bxe5 27.dxe5 Rg6 28.
g3 Nf5 29.Rxc6 Rg7 30.Rc8 Nxg3 31.Rxe8+ Kh7 32.fxg3 Qxg3+ 33.Kf1 Qh2 34.
Qe4+ Rg6 35.Ke1 Kg7 36.Qf4 1-0

[Event "12th EUR-ch"]
[Site "Aix-les-Bains FRA"]
[Date "2011.03.23"]
[Round "2.120"]
[White "Nedilko, Vasily"]
[Black "Chubar, Vladimir"]
[Result "1-0"]
[WhiteElo "2413"]
[BlackElo "2124"]
[EventDate "2011.03.22"]
[PlyCount "53"]

1.d4 e6 2.c4 f5 3.g3 Nf6 4.Bg2 d5 5.Qc2 c6 6.Nh3 Bd6 7.O-O O-O 8.Bf4 Be7 
9.Bg5 h6 10.Bxf6 Bxf6 11.e3 g5 12.Nc3 Bg7 13.f4 dxc4 14.Ne2 Nd7 15.Qxc4 
Nb6 16.Qb3 Nd5 17.Rfe1 Qb6 18.Bxd5 exd5 19.fxg5 hxg5 20.Qxb6 axb6 21.Nxg5 
Bh6 22.h4 Bxg5 23.hxg5 Kg7 24.Nf4 Rg8 25.g6 Kf6 26.Kg2 Rh8 27.Rh1 1-0

[Event "12th EUR-ch"]
[Site "Aix-les-Bains FRA"]
[Date "2011.03.23"]
[Round "2.121"]
[White "Zude, Erik"]
[Black "Makka, Ioulia"]
[Result "1-0"]
[WhiteElo "2409"]
[BlackElo "2122"]
[EventDate "2011.03.22"]
[PlyCount "87"]

1.d4 Nf6 2.c4 e6 3.Nc3 Bb4 4.Nf3 b6 5.e3 O-O 6.Bd3 Bb7 7.O-O d5 8.cxd5 
exd5 9.a3 Bd6 10.b4 Nbd7 11.Qb3 a6 12.a4 Re8 13.Ba3 Nf8 14.b5 Ne6 15.Rfc1 
h6 16.Bxd6 Qxd6 17.h3 a5 18.Qd1 Ng5 19.Nxg5 hxg5 20.Qf3 g6 21.Ne2 Kg7 22.
Rc3 Re7 23.Rac1 Ne8 24.Qg3 Qf6 25.f4 gxf4 26.Nxf4 Kg8 27.h4 Qg7 28.Be2 Rd8
29.Bf3 Nd6 30.Qg5 Rde8 31.Nxd5 Bxd5 32.Bxd5 Ne4 33.Bxe4 Rxe4 34.Rf1 R4e7 
35.Rf3 Rd7 36.Rc6 Kh8 37.h5 gxh5 38.Qxh5+ Kg8 39.Qh4 Kf8 40.Rg3 Re4 41.Qh3
Rxe3 42.Rxe3 Qxd4 43.Qh6+ Kg8 44.Kh2 1-0

[Event "12th EUR-ch"]
[Site "Aix-les-Bains FRA"]
[Date "2011.03.23"]
[Round "2.122"]
[White "Dujardin, Franck"]
[Black "Shirazi, Kamran"]
[Result "0-1"]
[WhiteElo "2090"]
[BlackElo "2403"]
[EventDate "2011.03.22"]
[PlyCount "62"]

1.e4 d6 2.Nf3 Bg4 3.Bc4 e6 4.Nc3 Nf6 5.d4 d5 6.Bd3 c5 7.dxc5 Bxc5 8.exd5 
exd5 9.Qe2+ Be7 10.O-O Nc6 11.Bb5 O-O 12.Rd1 Re8 13.Qf1 a6 14.Be2 d4 15.
Nb1 Bc5 16.Nbd2 Ba7 17.a3 h6 18.Nb3 Qc7 19.g3 Rad8 20.h3 d3 21.Rxd3 Rxd3 
22.Bf4 Bxf3 23.Bxc7 Bxe2 24.Qg2 Rf3 25.Rf1 Rf5 26.Bf4 Bxf1 27.Qxf1 g5 28.
Qd3 Rd5 29.Qc3 Ne4 30.Qc4 Rd1+ 31.Kg2 gxf4 0-1

[Event "12th EUR-ch"]
[Site "Aix-les-Bains FRA"]
[Date "2011.03.23"]
[Round "2.123"]
[White "Benitah, Yohan"]
[Black "Steil-Antoni, Fiona"]
[Result "1/2-1/2"]
[WhiteElo "2401"]
[BlackElo "2117"]
[EventDate "2011.03.22"]
[PlyCount "56"]

1.d4 Nf6 2.c4 e6 3.Nc3 Bb4 4.Qc2 d5 5.cxd5 exd5 6.Bg5 c5 7.dxc5 h6 8.Bh4 
g5 9.Bg3 Ne4 10.Bxb8 Qf6 11.Nf3 Bxc3+ 12.bxc3 Rxb8 13.Qa4+ Ke7 14.Qd4 Nxc3
15.e3 Qxd4 16.Nxd4 Bd7 17.Rc1 Nxa2 18.Ra1 Nb4 19.Rxa7 Nc6 20.Ra1 Ra8 21.
Rd1 Nxd4 22.exd4 Kf6 23.f3 Ra2 24.Rd2 Re8+ 25.Be2 Ra1+ 26.Rd1 Ra3 27.Rd2 
Ra1+ 28.Rd1 Ra2 1/2-1/2

[Event "12th EUR-ch"]
[Site "Aix-les-Bains FRA"]
[Date "2011.03.23"]
[Round "2.124"]
[White "Freuler, Roman"]
[Black "Olivier, Jean-Christophe"]
[Result "0-1"]
[WhiteElo "2071"]
[BlackElo "2401"]
[EventDate "2011.03.22"]
[PlyCount "108"]

1.e4 c5 2.Nf3 g6 3.d4 cxd4 4.Nxd4 Nc6 5.c4 Nf6 6.Nc3 d6 7.Be2 Nxd4 8.Qxd4 
Bg7 9.Be3 Be6 10.O-O O-O 11.Qd2 Qa5 12.Rac1 Rfc8 13.b3 a6 14.f3 b5 15.Nd5 
Qxd2 16.Bxd2 Nxd5 17.cxd5 Bd4+ 18.Kh1 Bd7 19.Rxc8+ Rxc8 20.Rc1 Rc5 21.Bd3 
f5 22.Rc2 Kf7 23.Bg5 fxe4 24.fxe4 e6 25.Bf4 exd5 26.Bxd6 Rxc2 27.Bxc2 Ke6 
28.Bc7 Bc6 29.exd5+ Kxd5 30.h4 Bd7 31.Bd1 Bf5 32.Be2 Kc5 33.Ba5 Bf2 34.h5 
gxh5 35.a4 b4 36.Bxa6 Be6 37.Be2 Bxb3 38.Bxh5 Bc2 39.Bxb4+ Kxb4 40.Bf3 
Bxa4 41.g4 h6 42.Kg2 Be1 43.Be4 Kc5 44.Kg1 Bd1 45.Bb7 Bxg4 46.Kh1 Kd4 47.
Bc6 Ke3 48.Bd5 Kf2 49.Bc6 Bc3 50.Bd5 h5 51.Bc6 h4 52.Bd5 Be5 53.Bc6 h3 54.
Bd5 Be2 0-1

[Event "12th EUR-ch"]
[Site "Aix-les-Bains FRA"]
[Date "2011.03.23"]
[Round "2.125"]
[White "Levine, Yonatan"]
[Black "Kreisl, Robert"]
[Result "0-1"]
[WhiteElo "2068"]
[BlackElo "2394"]
[EventDate "2011.03.22"]
[PlyCount "67"]

1.e4 c6 2.d4 d5 3.exd5 cxd5 4.c4 Nf6 5.Nc3 Nc6 6.Bg5 Be6 7.Be2 Qa5 8.Qd2 
dxc4 9.Nf3 Rd8 10.O-O h6 11.Bxf6 exf6 12.Rad1 Bb4 13.Qe3 Bxc3 14.bxc3 O-O 
15.Rb1 Rfe8 16.Qd2 b5 17.a4 bxa4 18.Ra1 Bd5 19.Ra2 Rb8 20.Rfa1 Rb3 21.Bd1 
Qxc3 22.Qxc3 Rxc3 23.Bxa4 Re7 24.Bxc6 Bxc6 25.d5 Bxd5 26.Nd4 Rd3 27.Nf5 
Rd7 28.Ne3 c3 29.Ra3 Be4 30.h3 f5 31.Kh2 f4 32.Nc4 c2 33.Rxd3 Rxd3 34.Ne5 
0-1

[Event "12th EUR-ch"]
[Site "Aix-les-Bains FRA"]
[Date "2011.03.23"]
[Round "2.126"]
[White "Manea, Alexandru"]
[Black "Ralle, Pierre"]
[Result "1-0"]
[WhiteElo "2392"]
[BlackElo "2112"]
[EventDate "2011.03.22"]
[PlyCount "139"]

1.Nf3 Nf6 2.c4 e6 3.Nc3 d5 4.d4 Bb4 5.Qc2 O-O 6.cxd5 exd5 7.Bf4 c5 8.e3 
Nc6 9.dxc5 Bxc5 10.Be2 Nb4 11.Qd1 Bf5 12.O-O Re8 13.Rc1 Rc8 14.a3 Nc6 15.
Nb5 Bf8 16.Nfd4 Qd7 17.Nxf5 Qxf5 18.Nd4 Nxd4 19.Qxd4 Rxc1 20.Rxc1 Rc8 21.
Qd1 g6 22.h3 a6 23.Rxc8 Qxc8 24.Be5 Qe6 25.Bd4 Qc6 26.Bd3 Bg7 27.Bc2 Nd7 
28.Bxg7 Kxg7 29.Qd4+ Qf6 30.Qb4 Qb6 31.Qc3+ Qf6 32.Qb3 Qb6 33.Kf1 Qxb3 34.
Bxb3 Nb6 35.Ke2 Kf6 36.Kd3 Ke5 37.f4+ Kd6 38.Kd4 f6 39.Ba2 a5 40.h4 h6 41.
Bb3 h5 42.e4 dxe4 43.Kxe4 f5+ 44.Kd4 Nc8 45.Bf7 Ne7 46.Be8 b6 47.g3 Ke6 
48.Kc4 Kd6 49.Kb5 Kc7 50.Ka6 Kd8 51.Bf7 Kc7 52.Kb5 Kb7 53.Be8 Kc7 54.Ka6 
Kd8 55.Bf7 Kc7 56.b4 axb4 57.axb4 Kc6 58.Be8+ Kc7 59.Bf7 Kc6 60.Be6 Kd6 
61.Ba2 Kc6 62.b5+ Kc5 63.Bf7 Nc8 64.Bxg6 Nd6 65.Bxh5 Nxb5 66.Bg6 Nc7+ 67.
Kb7 Kd6 68.h5 Ne6 69.h6 Nf8 70.Bxf5 1-0

[Event "12th EUR-ch"]
[Site "Aix-les-Bains FRA"]
[Date "2011.03.23"]
[Round "2.127"]
[White "Osmanodja, Filiz"]
[Black "Mazur, Stefan"]
[Result "0-1"]
[WhiteElo "2055"]
[BlackElo "2388"]
[EventDate "2011.03.22"]
[PlyCount "90"]

1.e4 e5 2.Nf3 Nc6 3.Bb5 a6 4.Ba4 Nf6 5.O-O Be7 6.Re1 b5 7.Bb3 d6 8.c3 O-O 
9.h3 Na5 10.Bc2 c5 11.d4 Qc7 12.Nbd2 cxd4 13.cxd4 Nc6 14.Nb3 a5 15.Be3 a4 
16.Nbd2 Bd7 17.a3 Rac8 18.Bd3 Qb8 19.b4 exd4 20.Nxd4 Ne5 21.Bf1 Bd8 22.f4 
Ng6 23.Bd3 Bb6 24.N2f3 Rfe8 25.f5 Ne5 26.Nxe5 Rxe5 27.Nf3 Bxe3+ 28.Rxe3 
Qb6 29.Qe2 Ree8 30.Re1 d5 31.e5 d4 32.Nxd4 Qxd4 33.exf6 Rc1 34.Kf2 Rxe1 
35.Qxe1 Qf4+ 36.Rf3 Qd4+ 37.Re3 Qf4+ 38.Rf3 Qh4+ 39.g3 Qxh3 40.Qg1 Qh6 41.
Rf4 Qxf6 42.Qc1 Qh6 43.Qf1 Bc6 44.Qg1 Qd6 45.Qf1 Bb7 0-1

[Event "12th EUR-ch"]
[Site "Aix-les-Bains FRA"]
[Date "2011.03.23"]
[Round "2.128"]
[White "Diermair, Andreas"]
[Black "Neagos, Raul-Alexandru"]
[Result "1-0"]
[WhiteElo "2386"]
[BlackElo "2074"]
[EventDate "2011.03.22"]
[PlyCount "49"]

1.Nf3 d5 2.d4 e6 3.c4 c6 4.e3 Bd6 5.Bd3 f5 6.O-O Nf6 7.b3 Qe7 8.Bb2 O-O 9.
Qc1 b6 10.Ba3 c5 11.Nc3 dxc4 12.Bxc4 Nbd7 13.Nb5 Bb8 14.dxc5 Nxc5 15.Nbd4 
Bb7 16.Nxf5 Qc7 17.Ng3 h5 18.b4 Ng4 19.bxc5 Rxf3 20.Bxe6+ Kh8 21.cxb6 Qxb6
22.Bxg4 hxg4 23.Rb1 Qe6 24.Rxb7 Qxa2 25.gxf3 1-0

[Event "12th EUR-ch"]
[Site "Aix-les-Bains FRA"]
[Date "2011.03.23"]
[Round "2.129"]
[White "Charvin, Olivier"]
[Black "Zawadzka, Jolanta"]
[Result "0-1"]
[WhiteElo "2054"]
[BlackElo "2386"]
[EventDate "2011.03.22"]
[PlyCount "80"]

1.e4 c5 2.c3 Nf6 3.e5 Nd5 4.d4 cxd4 5.Nf3 Nc6 6.cxd4 e6 7.Nc3 d6 8.Nxd5 
exd5 9.h3 dxe5 10.dxe5 Bb4+ 11.Bd2 Qe7 12.Bxb4 Qxb4+ 13.Qd2 Qe4+ 14.Kd1 
Be6 15.Bd3 Qa4+ 16.b3 Qa3 17.Re1 O-O 18.Rc1 Rfe8 19.Ng5 h6 20.Nxe6 fxe6 
21.Bb1 Rec8 22.Qc2 Ne7 23.Qh7+ Kf7 24.Rxc8 Rxc8 25.Qd3 Rc1+ 26.Ke2 Qb2+ 
27.Kf1 Rxe1+ 28.Kxe1 Qxe5+ 29.Kf1 Qf4 30.g3 Qc1+ 31.Kg2 e5 32.Qf3+ Kg8 33.
Bf5 Qc6 34.Bb1 e4 35.Qf4 a6 36.Qe5 Kf7 37.Qf4+ Qf6 38.Qc1 Qf3+ 39.Kg1 Nc6 
40.Qe1 Nd4 0-1